<?xml version="1.0" encoding="UTF-8"?>
<record
    xmlns:xsi="http://www.w3.org/2001/XMLSchema-instance"
    xsi:schemaLocation="http://www.loc.gov/MARC21/slim http://www.loc.gov/standards/marcxml/schema/MARC21slim.xsd"
    xmlns="http://www.loc.gov/MARC21/slim">

  <leader>01595nam a22002897a 4500</leader>
  <controlfield tag="003">OSt</controlfield>
  <controlfield tag="005">20250502161343.0</controlfield>
  <controlfield tag="008">211207b1987    sp ||||er|||| 00| j spa d</controlfield>
  <datafield tag="020" ind1=" " ind2=" ">
    <subfield code="a">8439505299</subfield>
    <subfield code="q">Colecci&#xF3;n</subfield>
  </datafield>
  <datafield tag="020" ind1=" " ind2=" ">
    <subfield code="a">8439505337</subfield>
  </datafield>
  <datafield tag="040" ind1="0" ind2=" ">
    <subfield code="a">CO-JMCR</subfield>
    <subfield code="c">CO-JMCR</subfield>
  </datafield>
  <datafield tag="041" ind1="1" ind2=" ">
    <subfield code="a">spa</subfield>
    <subfield code="h">eng</subfield>
  </datafield>
  <datafield tag="082" ind1="0" ind2="4">
    <subfield code="a">A-N</subfield>
    <subfield code="b">SIMm</subfield>
    <subfield code="2">23</subfield>
  </datafield>
  <datafield tag="100" ind1="1" ind2=" ">
    <subfield code="a">Simenon, Georges, </subfield>
    <subfield code="e">autor</subfield>
    <subfield code="9">11895</subfield>
  </datafield>
  <datafield tag="245" ind1="1" ind2="0">
    <subfield code="a">Maigret y el ladr&#xF3;n perezoso / </subfield>
    <subfield code="c">por Georges Simenon ; [traducci&#xF3;n, G.T. Malvido]</subfield>
  </datafield>
  <datafield tag="260" ind1=" " ind2=" ">
    <subfield code="a">Barcelona : </subfield>
    <subfield code="b">Planeta, </subfield>
    <subfield code="c">1987</subfield>
  </datafield>
  <datafield tag="300" ind1=" " ind2=" ">
    <subfield code="a">158 p&#xE1;ginas ; </subfield>
    <subfield code="c">18 cm.</subfield>
  </datafield>
  <datafield tag="490" ind1="0" ind2=" ">
    <subfield code="a">Las novelas de Maigret ; </subfield>
    <subfield code="v">4</subfield>
  </datafield>
  <datafield tag="500" ind1=" " ind2=" ">
    <subfield code="a">T&#xED;tulo original: Maigret et le voleur paresseux</subfield>
  </datafield>
  <datafield tag="520" ind1="3" ind2=" ">
    <subfield code="a">Con Georges Simenon el g&#xE9;nero polic&#xED;aco se humaniza, a la vez que adquiere una innegable calidad literaria. De su copiosa producci&#xF3;n de novelas polic&#xED;acas, hay que destacar las protagonizadas por MAIGRET, comisario sagaz, reservado e inteligente, cuyos m&#xE9;todos de investigaci&#xF3;n se fundan m&#xE1;s en el an&#xE1;lisis psicol&#xF3;gico que en la b&#xFA;squeda de indicios materiales.
Con Simenon, magistral creador de tipos y ambientes, la novela polic&#xED;aca, sin perder las dosis adecuadas de acci&#xF3;n y de misterio, gana en dignidad y en l&#xF3;gica, frente a los relatos m&#xE1;s deshumanizados de otros cl&#xE1;sicos del g&#xE9;nero.</subfield>
  </datafield>
  <datafield tag="546" ind1=" " ind2=" ">
    <subfield code="a">Traducido del ingl&#xE9;s.</subfield>
  </datafield>
  <datafield tag="650" ind1="1" ind2="4">
    <subfield code="a">Polic&#xED;a en la literatura</subfield>
    <subfield code="z">Francia - Paris</subfield>
    <subfield code="9">41788</subfield>
  </datafield>
  <datafield tag="650" ind1="2" ind2="4">
    <subfield code="a">Asesinato en la literatura</subfield>
    <subfield code="z">Francia - Paris</subfield>
    <subfield code="9">41789</subfield>
  </datafield>
  <datafield tag="650" ind1="2" ind2="4">
    <subfield code="a">Investigaci&#xF3;n en la literatura</subfield>
    <subfield code="z">Francia - Paris</subfield>
    <subfield code="9">41790</subfield>
  </datafield>
  <datafield tag="700" ind1="1" ind2=" ">
    <subfield code="a">Malvido, G.T., </subfield>
    <subfield code="e">traductor</subfield>
    <subfield code="9">41791</subfield>
  </datafield>
  <datafield tag="942" ind1=" " ind2=" ">
    <subfield code="2">ddc</subfield>
    <subfield code="c">BK</subfield>
  </datafield>
  <datafield tag="999" ind1=" " ind2=" ">
    <subfield code="c">15643</subfield>
    <subfield code="d">15643</subfield>
  </datafield>
  <datafield tag="952" ind1=" " ind2=" ">
    <subfield code="0">0</subfield>
    <subfield code="1">0</subfield>
    <subfield code="2">ddc</subfield>
    <subfield code="4">0</subfield>
    <subfield code="7">0</subfield>
    <subfield code="8">FIC</subfield>
    <subfield code="a">CPL</subfield>
    <subfield code="b">CPL</subfield>
    <subfield code="d">2021-12-06</subfield>
    <subfield code="e">Donaci&#xF3;n</subfield>
    <subfield code="l">0</subfield>
    <subfield code="o">A-N SIMm</subfield>
    <subfield code="p">201811323</subfield>
    <subfield code="r">2021-12-07 00:00:00</subfield>
    <subfield code="t">Ej.1</subfield>
    <subfield code="w">2021-12-07</subfield>
    <subfield code="y">BK</subfield>
  </datafield>
</record>
